[Event "C.to Regionale Sardegna"]
[Site "Cagliari ITA"]
[Date "2015.05.30"]
[Round "1"]
[White "Carta, Francesco"]
[Black "Sonis, Francesco"]
[WhiteElo "1664"]
[BlackElo "2226"]
[Result "0-1"]
[PlyCount "32"]
[EventDate "2015.05.30"]

1. e4 e6 2. d4 d5 3. exd5 exd5 4. Nf3 Nc6 5. Bd3 Bd6 6. Nc3 Nge7 7. O-O O-O 8.
Bxh7+ Kxh7 9. Ng5+ Kg8 10. Qh5 Bf5 11. Re1 Bg6 12. Qd1 Nf5 13. Nf3 Bh5 14. Be3
Nh4 15. Kh1 Nxf3 16. gxf3 Qh4 0-1

[Event "C.to Regionale Sardegna"]
[Site "Cagliari ITA"]
[Date "2015.05.30"]
[Round "1"]
[White "Depau, Alessandro"]
[Black "Olivieri, Guglielmo"]
[WhiteElo "1811"]
[BlackElo "1566"]
[Result "1-0"]
[PlyCount "63"]
[EventDate "2015.05.30"]

1. e4 e5 2. Nf3 Nc6 3. d4 exd4 4. Bc4 h6 5. O-O Nf6 6. e5 Nh7 7. Nxd4 Be7 8.
Nf5 O-O 9. Qg4 Bg5 10. f4 d5 11. fxg5 Nxe5 12. Qg3 Bxf5 13. Qxe5 Bxc2 14. gxh6
f6 15. Bxd5+ Kh8 16. hxg7+ Kxg7 17. Qg3+ Kh8 18. Bh6 Qd7 19. Bxf8 Rxf8 20. Nc3
c6 21. Bf3 Rg8 22. Qh4 Rg7 23. Rac1 Bf5 24. Rcd1 Qc7 25. Ne4 Qe7 26. Rfe1 Qf8
27. Nd6 Bg6 28. Bh5 Bxh5 29. Qxh5 Re7 30. Rxe7 Qxe7 31. Nf7+ Kg7 32. Qh6+ 1-0

[Event "C.to Regionale Sardegna"]
[Site "Cagliari ITA"]
[Date "2015.05.30"]
[Round "1"]
[White "Dessy, Eugenio"]
[Black "Mameli, Gianluca"]
[WhiteElo "1637"]
[BlackElo "1957"]
[Result "0-1"]
[PlyCount "130"]
[EventDate "2015.05.30"]

1. Nf3 Nf6 2. d4 g6 3. g3 Bg7 4. Bg2 d6 5. O-O O-O 6. c4 Nbd7 7. Nc3 c6 8. e4
Qc7 9. Bd2 c5 10. d5 Nb6 11. Qe2 Bg4 12. h3 Bxf3 13. Bxf3 Nfd7 14. Bg2 Ne5 15.
b3 a6 16. h4 Rae8 17. h5 e6 18. hxg6 fxg6 19. Rac1 Qe7 20. dxe6 Qxe6 21. Nd5
Nxd5 22. cxd5 Qg4 23. Qxg4 Nxg4 24. Bc3 Bh6 25. Rce1 Bg7 26. Bxg7 Kxg7 27. Bh3
Ne5 28. f4 Nf7 29. Be6 Re7 30. e5 Rd8 31. Bxf7 Kxf7 32. e6+ Kf6 33. Kf2 Kf5 34.
Kf3 h5 35. Rg1 Rh8 36. Rh1 b5 37. Rh4 Kf6 38. Ke4 Reh7 39. Kd3 Kf5 40. g4+ Kxf4
41. gxh5+ Kg5 42. Rhh1 gxh5 43. Ref1 h4 44. Rhg1+ Kh5 45. Rf7 Rxf7 46. exf7 Rf8
47. Rg7 Kh6 48. Rg4 Rxf7 49. Rxh4+ Kg5 50. Re4 Rf4 51. Re6 Rd4+ 52. Ke3 Rxd5
53. Ke4 Rd4+ 54. Ke3 Kf5 55. Re8 d5 56. Ra8 Re4+ 57. Kd2 Re6 58. Rd8 Ke5 59.
Rc8 Kd4 60. Rd8 Rh6 61. a4 Rh2+ 62. Kc1 bxa4 63. bxa4 Ra2 64. Rh8 Kc3 65. Rh3+
Kc4 0-1

[Event "C.to Regionale Sardegna"]
[Site "Cagliari ITA"]
[Date "2015.05.30"]
[Round "1"]
[White "Di Pinto, Vincenzo"]
[Black "Pitzanti, Matteo"]
[WhiteElo "1647"]
[BlackElo "2066"]
[Result "0-1"]
[PlyCount "118"]
[EventDate "2015.05.30"]

1. d4 d5 2. Nf3 Nf6 3. Bf4 e6 4. e3 Nbd7 5. Nbd2 Be7 6. Be2 O-O 7. O-O b6 8.
Ne5 Bb7 9. Ndf3 c5 10. c3 Rc8 11. Rc1 a6 12. a4 Nxe5 13. Nxe5 Ne4 14. Nf3 c4
15. Nd2 Nxd2 16. Qxd2 b5 17. axb5 axb5 18. b4 Ra8 19. Ra1 Qb6 20. Qb2 Bc6 21.
Rxa8 Rxa8 22. Ra1 Ra6 23. Rxa6 Qxa6 24. Bc7 Qa7 25. Bg3 Qa4 26. Kf1 Be8 27. Ke1
Bf6 28. Kf1 g6 29. f3 Bc6 30. Ke1 Bg7 31. Bd1 Qa7 32. Bc2 e5 33. Kf2 exd4 34.
exd4 Bf6 35. Bf4 Bh4+ 36. Kf1 Bf6 37. Qc1 Qa2 38. Bb1 Qa1 39. Qc2 Bd7 40. g4
Be7 41. h3 h5 42. Kg2 Bh4 43. Be5 hxg4 44. hxg4 Be1 45. Bd6 Qxc3 46. Bc5 Qxc2+
47. Bxc2 Kg7 48. Kf1 Bg3 49. Bb6 f5 50. g5 Bf4 51. Bd8 Bd2 52. Be7 Kf7 53. Ke2
Bf4 54. Bf6 Bd6 55. Be5 Bxb4 56. Bf4 Bc3 57. Be3 f4 58. Bxf4 Bxd4 59. Kd2 Bf5
0-1

[Event "C.to Regionale Sardegna"]
[Site "Cagliari ITA"]
[Date "2015.05.30"]
[Round "1"]
[White "Marras, Giuseppe"]
[Black "Colacino, Gabriele"]
[WhiteElo "1774"]
[BlackElo "1449"]
[Result "1-0"]
[PlyCount "67"]
[EventDate "2015.05.30"]

1. e4 e5 2. Nf3 Nc6 3. Bb5 Nf6 4. O-O d6 5. Re1 Be7 6. d4 O-O 7. h3 a6 8. Bxc6
bxc6 9. dxe5 dxe5 10. Qxd8 Rxd8 11. Nxe5 Bb7 12. Nd3 Re8 13. Nc3 c5 14. f3 Nd7
15. Bf4 c4 16. Nf2 Bd6 17. Bxd6 cxd6 18. Rad1 Re6 19. Ng4 Rae8 20. Kf2 Nc5 21.
Ne3 Rf6 22. Nxc4 Rd8 23. e5 Rf5 24. Nxd6 Rf4 25. Nxb7 Nxb7 26. Rxd8+ Nxd8 27.
Re4 Rf5 28. g4 Rg5 29. f4 Rg6 30. Nd5 Re6 31. f5 Re8 32. Kf3 Nc6 33. Kf4 g6 34.
Nf6+ 1-0

[Event "C.to Regionale Sardegna"]
[Site "Cagliari ITA"]
[Date "2015.05.30"]
[Round "1"]
[White "Murgia, Elio"]
[Black "Carucci, Bruno"]
[WhiteElo "1698"]
[BlackElo "1410"]
[Result "1-0"]
[PlyCount "65"]
[EventDate "2015.05.30"]

1. d4 d5 2. c4 e6 3. Nc3 Bb4 4. e3 Nf6 5. Bd3 O-O 6. Nge2 dxc4 7. Bxc4 c5 8. a3
cxd4 9. axb4 dxc3 10. O-O cxb2 11. Bxb2 Nd5 12. Qd4 Nf6 13. Qh4 Nd5 14. Qg3 Nf6
15. Rfd1 Qe7 16. Nf4 Nc6 17. b5 e5 18. Nd5 Nxd5 19. Bxd5 Nb4 20. Bxe5 g6 21.
Bd6 Qe8 22. Bxb4 Qxb5 23. Bxf8 Kxf8 24. Qd6+ Kg7 25. Qe5+ Kg8 26. Bxf7+ Kxf7
27. Qxb5 Be6 28. Qxb7+ Kf6 29. Qxa8 h5 30. Rxa7 Kg5 31. Qe4 Bf5 32. Qf4+ Kf6
33. Rd6# 1-0

[Event "C.to Regionale Sardegna"]
[Site "Cagliari ITA"]
[Date "2015.05.30"]
[Round "1"]
[White "Neri, Enzo"]
[Black "Biondelli, Marco"]
[WhiteElo "2036"]
[BlackElo "1637"]
[Result "1/2-1/2"]
[PlyCount "110"]
[EventDate "2015.05.30"]

1. d4 d5 2. Nf3 c5 3. Bf4 Nc6 4. e3 Bf5 5. c3 e6 6. Nbd2 Nf6 7. Bb5 a6 8. Bxc6+
bxc6 9. Ne5 Qb6 10. Qb3 Qxb3 11. axb3 cxd4 12. exd4 c5 13. dxc5 Bxc5 14. b4 Bb6
15. Nb3 Nd7 16. b5 Nxe5 17. Bxe5 f6 18. Bd4 Bxd4 19. Nxd4 Kd7 20. Nxf5 exf5 21.
bxa6 Rhb8 22. b4 Rb6 23. a7 Rb7 24. Rd1 Kc6 25. O-O Raxa7 26. Rd3 f4 27. Rfd1
Rd7 28. g3 fxg3 29. hxg3 Ra3 30. Kg2 Raa7 31. g4 g6 32. Kf3 Ra8 33. Re3 Rad8
34. Rd4 Rd6 35. Ke2 R8d7 36. Re8 Ra7 37. Rf4 Rf7 38. Kd3 Kd7 39. Ra8 Ke6 40.
Rf3 Rc6 41. Re3+ Kd7 42. Ra7+ Rc7 43. Rxc7+ Kxc7 44. Re6 h5 45. gxh5 gxh5 46.
Re3 h4 47. Rh3 Rh7 48. Ke3 Kd6 49. Kf4 Ke6 50. Re3+ Kd6 51. Kg4 f5+ 52. Kh3 f4
53. Rf3 Ke5 54. Kg4 Rg7+ 55. Kxh4 Rh7+ 1/2-1/2

[Event "C.to Regionale Sardegna"]
[Site "Cagliari ITA"]
[Date "2015.05.30"]
[Round "1"]
[White "Putzolu, Marcello"]
[Black "Pannella, Maria Cristina"]
[WhiteElo "1751"]
[BlackElo "1431"]
[Result "1/2-1/2"]
[PlyCount "41"]
[EventDate "2015.05.30"]

1. e4 e5 2. Nf3 Nc6 3. Bb5 Bc5 4. d3 d6 5. h3 Be6 6. c3 Nf6 7. d4 exd4 8. cxd4
Bb4+ 9. Bd2 Bxd2+ 10. Nbxd2 a6 11. Ba4 b5 12. Bb3 d5 13. e5 Ne4 14. Rc1 Qd7 15.
Qe2 Nxd2 16. Qxd2 Bf5 17. Qc3 Ne7 18. Qxc7 Rc8 19. Qxd7+ Kxd7 20. O-O Be4 21.
Ng5 1/2-1/2

[Event "C.to Regionale Sardegna"]
[Site "Cagliari ITA"]
[Date "2015.05.30"]
[Round "1"]
[White "Rocchiccioli, Francesco"]
[Black "Carrus, Mario"]
[WhiteElo "1380"]
[BlackElo "1694"]
[Result "0-1"]
[PlyCount "50"]
[EventDate "2015.05.30"]

1. e4 d5 2. exd5 Qxd5 3. Nc3 Qa5 4. Bc4 Nf6 5. Nf3 Bf5 6. d3 Nbd7 7. Bd2 c6 8.
O-O e6 9. a3 Qc7 10. g3 Bd6 11. Ne2 O-O 12. Qc1 Bg4 13. Nfd4 e5 14. f3 Bh3 15.
Nb3 Bxf1 16. Qxf1 b5 17. Bxb5 cxb5 18. Qh3 Qxc2 19. Bg5 Qxb3 20. Qf1 Rac8 21.
Rb1 Qxd3 22. Rd1 Bc5+ 23. Kh1 Qg6 24. Bh4 Bb6 25. Nc3 a6 0-1

[Event "C.to Regionale Sardegna"]
[Site "Cagliari ITA"]
[Date "2015.05.30"]
[Round "1"]
[White "Sonis, Luca"]
[Black "Spiga, Sandro"]
[WhiteElo "1746"]
[BlackElo "1416"]
[Result "1-0"]
[PlyCount "71"]
[EventDate "2015.05.30"]

1. e4 e5 2. Nf3 Nc6 3. Nc3 Nf6 4. d3 d6 5. Be2 Be7 6. O-O O-O 7. Be3 Be6 8. d4
Ng4 9. d5 Nxe3 10. fxe3 Bd7 11. dxc6 Bxc6 12. Nd5 a5 13. Qd2 Bd7 14. Rad1 c6
15. Nxe7+ Qxe7 16. Qxd6 Qxd6 17. Rxd6 Bg4 18. h3 Bh5 19. Bc4 b5 20. Bd3 Rac8
21. Nxe5 Rc7 22. Rxc6 Rxc6 23. Nxc6 Re8 24. Rf5 Bg6 25. Re5 f6 26. Rxe8+ Bxe8
27. Bxb5 g5 28. a4 Kg7 29. Nxa5 Bf7 30. Nc4 Be6 31. Nd6 Kf8 32. a5 Ke7 33. a6
Kxd6 34. a7 Kc5 35. a8=Q Kxb5 36. Qe8+ 1-0

[Event "C.to Regionale Sardegna"]
[Site "Cagliari ITA"]
[Date "2015.05.30"]
[Round "1"]
[White "Zuccarelli, Angelo"]
[Black "Erriu, Giampiero"]
[WhiteElo "1888"]
[BlackElo "1633"]
[Result "1-0"]
[PlyCount "87"]
[EventDate "2015.05.30"]

1. e4 c5 2. Nf3 d6 3. d4 cxd4 4. Nxd4 g6 5. Be3 Bg7 6. c3 a6 7. Nd2 Nf6 8. Be2
O-O 9. O-O Bd7 10. f4 Nc6 11. Bf3 Nxd4 12. cxd4 e6 13. Qb3 Bc6 14. d5 exd5 15.
exd5 Bd7 16. Bb6 Qb8 17. Qb4 a5 18. Bxa5 b5 19. Nb3 Rc8 20. Qd2 Ng4 21. Bxg4
Bxg4 22. Rac1 Rc4 23. a3 Qb7 24. Bb4 Rxc1 25. Rxc1 Qd7 26. Bc3 Rc8 27. Bxg7
Rxc1+ 28. Qxc1 Kxg7 29. Qd2 Qe8 30. Kf2 Kg8 31. h3 Bd7 32. Nd4 Qe4 33. Nf3 Bc8
34. Ng5 Qc4 35. Qe3 Qc5 36. Qxc5 dxc5 37. Ne4 c4 38. Ke3 Kg7 39. Kd4 Kf8 40.
Kc5 f5 41. Nd6 Bd7 42. Nxb5 g5 43. fxg5 f4 44. Nd4 1-0

[Event "C.to Regionale Sardegna"]
[Site "Cagliari ITA"]
[Date "2015.05.31"]
[Round "2"]
[White "Biondelli, Marco"]
[Black "Putzolu, Marcello"]
[WhiteElo "1637"]
[BlackElo "1751"]
[Result "1/2-1/2"]
[PlyCount "153"]
[EventDate "2015.05.30"]

1. e4 c5 2. Nf3 e6 3. d4 cxd4 4. Nxd4 Nc6 5. Be2 Nf6 6. Nc3 Bb4 7. Ndb5 Nxe4 8.
Qd3 Bxc3+ 9. bxc3 d5 10. Bf4 e5 11. Be3 a6 12. Qxd5 Qxd5 13. Nc7+ Kf8 14. Nxd5
Bf5 15. Bd3 Bg6 16. f3 Nf6 17. Bc5+ Kg8 18. Nb4 Nxb4 19. cxb4 Bxd3 20. cxd3 h5
21. Kf2 Kh7 22. Rac1 Nd5 23. a3 Rac8 24. Rhe1 Nf4 25. Rcd1 Rhd8 26. Rxe5 Nxd3+
27. Rxd3 Rxd3 28. Rxh5+ Kg6 29. Re5 Rxa3 30. h4 Ra2+ 31. Kg3 Rd8 32. h5+ Kh7
33. Re7 Rdd2 34. Rxf7 Rxg2+ 35. Kf4 b5 36. Kf5 Rae2 37. Ra7 Rh2 38. Rxa6 Rxh5+
39. Kg4 Rh6 40. Ra5 Rg2+ 41. Kf4 Rf6+ 42. Ke3 Rg3 43. Rxb5 Rfxf3+ 44. Ke4 Rb3
45. Rb7 Rg5 46. Kd4 Rb1 47. Kc4 Rg4+ 48. Kd5 Rg5+ 49. Kc4 Kg6 50. Rb6+ Kh5 51.
Rd6 Rg4+ 52. Kb5 Re4 53. Rd5+ g5 54. Kb6 Rexb4+ 55. Bxb4 Rxb4+ 56. Kc5 Rf4 57.
Rd8 Kh4 58. Kd5 g4 59. Ke5 Rf1 60. Rh8+ Kg3 61. Rg8 Kh3 62. Ke4 g3 63. Rh8+ Kg2
64. Rh7 Kg1 65. Ke3 g2 66. Ke2 Rf6 67. Rh4 Rf2+ 68. Ke1 Ra2 69. Rh8 Ra1+ 70.
Ke2 Rf1 71. Rh7 Rf5 72. Re7 Rf4 73. Re8 Kh2 74. Rh8+ Kg3 75. Rg8+ Rg4 76. Rxg4+
Kxg4 77. Kf2 1/2-1/2

[Event "C.to Regionale Sardegna"]
[Site "Cagliari ITA"]
[Date "2015.05.31"]
[Round "2"]
[White "Carrus, Mario"]
[Black "Ardu, Luigi"]
[WhiteElo "1694"]
[BlackElo "1800"]
[Result "1-0"]
[PlyCount "139"]
[EventDate "2015.05.30"]

1. d4 Nf6 2. c4 e6 3. Nf3 d5 4. cxd5 exd5 5. Bg5 Nc6 6. e3 Bb4+ 7. Nc3 O-O 8.
h3 Re8 9. Bd3 h6 10. Bf4 Ne4 11. Qc2 Bf5 12. O-O Bxc3 13. bxc3 Ne7 14. Ne5 Ng6
15. Nxg6 fxg6 16. f3 Nd6 17. Bxd6 Bxd3 18. Qxd3 Qxd6 19. e4 Qf4 20. e5 c6 21.
Rab1 Re7 22. Rfe1 g5 23. a4 Rf8 24. a5 Qg3 25. Qe3 h5 26. Rf1 Rf4 27. Qf2 Qxf2+
28. Rxf2 Rf8 29. Rfb2 Rb8 30. Kf2 Kf7 31. Rb4 Ke6 32. Ke3 Rc7 33. c4 g6 34. c5
a6 35. Rb6 Kd7 36. Rxa6 Kc8 37. Rab6 Ra8 38. Ra1 Ra6 39. Rxa6 bxa6 40. Rb1 Ra7
41. Rb6 Kc7 42. e6 Ra8 43. Kd3 Re8 44. Rxa6 Rxe6 45. Ra7+ Kb8 46. Rg7 Re1 47.
Rxg6 Kb7 48. a6+ Kxa6 49. Rxc6+ Kb7 50. Rg6 g4 51. hxg4 hxg4 52. Rxg4 Kc6 53.
g3 Ra1 54. f4 Ra3+ 55. Ke2 Kb5 56. f5 Kc4 57. f6 Ra2+ 58. Kf1 Ra1+ 59. Kg2 Ra2+
60. Kh3 Ra8 61. f7 Rf8 62. Rf4 Kb5 63. g4 Kc6 64. g5 Kd7 65. g6 Ke7 66. c6 Rh8+
67. Kg4 Kf8 68. c7 Kg7 69. f8=Q+ Kxg6 70. Rf6+ 1-0

[Event "C.to Regionale Sardegna"]
[Site "Cagliari ITA"]
[Date "2015.05.31"]
[Round "2"]
[White "Carucci, Bruno"]
[Black "Agus, Lorenzo"]
[WhiteElo "1410"]
[BlackElo "1574"]
[Result "0-1"]
[PlyCount "122"]
[EventDate "2015.05.30"]

1. d4 Nf6 2. c4 g6 3. Nc3 d5 4. e3 Bg7 5. Nf3 O-O 6. Bd3 dxc4 7. Bxc4 c5 8. O-O
cxd4 9. exd4 Bg4 10. Be3 Nc6 11. Be2 Nd5 12. Ne1 Bxe2 13. Nxe2 e5 14. Nc2 Nxe3
15. fxe3 exd4 16. Ncxd4 Nxd4 17. Nxd4 Qb6 18. Rb1 Rad8 19. Rf4 Rfe8 20. Qf3
Bxd4 21. Kh1 Rxe3 22. Qf1 f5 23. Qc4+ Kg7 24. Rd1 Bf6 25. Rdf1 Rd4 26. Rxd4
Qxd4 27. Qc7+ Re7 28. Qg3 Qe3 29. Qb8 Qe2 30. Qf4 Re4 31. Qc7+ Kh6 32. Qc1+ Bg5
33. Qb1 Rg4 34. g3 Qe4+ 35. Qxe4 Rxe4 36. Rd1 Re2 37. Rb1 Rc2 38. Re1 Rc1 39.
Rxc1 Bxc1 40. b3 Kg5 41. Kg2 Kf6 42. Kf3 Ke5 43. h3 g5 44. g4 f4 45. b4 Kd4 46.
a4 Kc4 47. b5 Kb4 48. h4 h6 49. hxg5 hxg5 50. b6 axb6 51. Ke4 Kxa4 52. Kf5 f3
53. Ke4 f2 54. Kd5 f1=Q 55. Kd4 Qf4+ 56. Kd5 Bb2 57. Ke6 Qe5+ 58. Kd7 Qd5+ 59.
Kc7 Be5+ 60. Kc8 Qc6+ 61. Kd8 Bf6# 0-1

[Event "C.to Regionale Sardegna"]
[Site "Cagliari ITA"]
[Date "2015.05.31"]
[Round "2"]
[White "Colacino, Gabriele"]
[Black "Di Pinto, Vincenzo"]
[WhiteElo "1449"]
[BlackElo "1647"]
[Result "0-1"]
[PlyCount "72"]
[EventDate "2015.05.30"]

1. e4 c5 2. Nf3 d6 3. Nc3 Nf6 4. Bc4 Bg4 5. O-O e6 6. Re1 Be7 7. d3 O-O 8. Bf4
Nc6 9. h3 Bh5 10. Ne2 Bxf3 11. gxf3 Na5 12. Bb3 Nh5 13. Bg3 Nxb3 14. axb3 f5
15. Qd2 e5 16. exf5 Rxf5 17. Ra4 Rxf3 18. Rg4 Nf6 19. Rc4 b5 20. Re4 Nxe4 21.
dxe4 a5 22. Qd5+ Kh8 23. Kg2 Rf8 24. f4 Bh4 25. f5 a4 26. b4 Bxg3 27. Nxg3 Qc7
28. c3 a3 29. Ra1 cxb4 30. bxa3 Qxc3 31. Rd1 Rxa3 32. Nf1 Qxh3+ 33. Kg1 Qg4+
34. Kh1 Rf6 35. Rd2 Rh6+ 36. Nh2 Ra1+ 0-1

[Event "C.to Regionale Sardegna"]
[Site "Cagliari ITA"]
[Date "2015.05.31"]
[Round "2"]
[White "Deruda, Leonardo"]
[Black "Atzori, Filippo"]
[WhiteElo "1791"]
[BlackElo "1371"]
[Result "1-0"]
[PlyCount "93"]
[EventDate "2015.05.30"]

1. Nf3 d5 2. c4 dxc4 3. e3 Nc6 4. Bxc4 e5 5. Nc3 Nf6 6. h3 Bc5 7. a3 a5 8. Qc2
Qe7 9. O-O Be6 10. Bxe6 Qxe6 11. Re1 O-O-O 12. b4 Bb6 13. bxa5 Nxa5 14. Rb1 e4
15. Ng5 Qd7 16. Ncxe4 Nxe4 17. Nxe4 Qd3 18. Qxd3 Rxd3 19. Bb2 f6 20. Rec1 Nb3
21. Rc2 Rhd8 22. Bc3 Nc5 23. Nxc5 Bxc5 24. a4 b6 25. a5 Kb7 26. axb6 cxb6 27.
Kf1 Kc6 28. Bd4 Rd5 29. Bxc5 bxc5 30. Ke2 Kd6 31. Rb5 c4 32. Rxd5+ Kxd5 33. Rc3
Rxc3 34. dxc3 Ke4 35. f3+ Kd5 36. e4+ Kd6 37. Ke3 Kc5 38. f4 g6 39. g3 h6 40.
g4 g5 41. f5 Kb6 42. Kd4 Kb5 43. Kd5 Kb6 44. Kxc4 Kc6 45. Kd4 Kd6 46. c4 Kc6
47. c5 1-0

[Event "C.to Regionale Sardegna"]
[Site "Cagliari ITA"]
[Date "2015.05.31"]
[Round "2"]
[White "Erriu, Giampiero"]
[Black "Buttau, Giancarlo"]
[WhiteElo "1633"]
[BlackElo "1416"]
[Result "1-0"]
[PlyCount "93"]
[EventDate "2015.05.30"]

1. c4 Nf6 2. d4 g6 3. Nc3 Bg7 4. g3 d6 5. Bg2 O-O 6. Nf3 c6 7. O-O Nbd7 8. b3
Re8 9. Re1 Nb6 10. Rb1 d5 11. cxd5 Nbxd5 12. Nxd5 Nxd5 13. Bb2 e6 14. e4 Nf6
15. Rc1 Rb8 16. e5 Nd5 17. a3 a6 18. Nd2 b5 19. Rxc6 Bb7 20. Rc2 Rc8 21. Rxc8
Qxc8 22. Ne4 Qa8 23. Nd6 Rd8 24. Qd2 f6 25. Nxb7 Qxb7 26. exf6 Bxf6 27. Rxe6
Qf7 28. Re2 Ne7 29. Bh3 Kg7 30. Be6 Qf8 31. d5 Bxb2 32. Qxb2+ Qf6 33. Qxf6+
Kxf6 34. Rc2 Nxd5 35. Bxd5 Rxd5 36. Rc6+ Kf5 37. Rxa6 Ke4 38. Kg2 Kd3 39. Rc6
Kd4 40. h3 Rc5 41. Rd6+ Rd5 42. Re6 Re5 43. Rxe5 Kxe5 44. Kf3 Kd4 45. a4 b4 46.
a5 Kc5 47. a6 1-0

[Event "C.to Regionale Sardegna"]
[Site "Cagliari ITA"]
[Date "2015.05.31"]
[Round "2"]
[White "Liguori, Aniello"]
[Black "Caredda, Giuseppe"]
[WhiteElo "1808"]
[BlackElo "1486"]
[Result "1-0"]
[PlyCount "45"]
[EventDate "2015.05.30"]

1. d4 d5 2. Nf3 Nf6 3. e3 e6 4. Bd3 Nbd7 5. Nbd2 c5 6. c3 Be7 7. O-O O-O 8. Qe2
Qc7 9. e4 c4 10. Bc2 e5 11. exd5 Nxd5 12. Nxc4 Nf4 13. Bxf4 exf4 14. Qxe7 Qxc4
15. Qh4 Nf6 16. Qxf4 Be6 17. Rfe1 Nd5 18. Qh4 Nf6 19. Ng5 h6 20. Nxe6 fxe6 21.
Bb3 Qc6 22. Rxe6 Qc7 23. Re7+ 1-0

[Event "C.to Regionale Sardegna"]
[Site "Cagliari ITA"]
[Date "2015.05.31"]
[Round "2"]
[White "Lobina, Giulio"]
[Black "Altea, Alessandro"]
[WhiteElo "1767"]
[BlackElo "2072"]
[Result "0-1"]
[PlyCount "116"]
[EventDate "2015.05.30"]

1. e4 c5 2. f4 d5 3. e5 Nc6 4. Nf3 Bg4 5. Bb5 e6 6. Bxc6+ bxc6 7. d3 Ne7 8. Nc3
Nf5 9. O-O Nd4 10. Ne2 Bxf3 11. gxf3 g6 12. Nxd4 cxd4 13. Kh1 Bh6 14. Qe1 O-O
15. Rg1 Qe7 16. f5 Bxc1 17. f6 Qc7 18. Rxc1 h5 19. Qg3 Kh7 20. Qg5 Rh8 21. f4
Rae8 22. Rg3 Qa5 23. Rh3 Kg8 24. Rg1 Kf8 25. Qg2 Qxa2 26. Rg3 Qa5 27. Rxg6 fxg6
28. Qxg6 Qc7 29. Qg7+ Qxg7 30. fxg7+ Kf7 31. gxh8=Q Rxh8 32. Ra1 Kg6 33. Rxa7
Rf8 34. Rc7 Rxf4 35. Rxc6 Kf5 36. b4 Rf1+ 37. Kg2 Rb1 38. Kg3 Rxb4 39. Kh4 Rb8
40. Rc7 Kxe5 41. Kxh5 Rh8+ 42. Kg6 Rxh2 43. Rc6 Rf2 44. Rc8 Kd6 45. Kg5 e5 46.
Rd8+ Kc5 47. Re8 e4 48. dxe4 dxe4 49. Rxe4 Rxc2 50. Re8 d3 51. Rc8+ Kd4 52.
Rd8+ Ke3 53. Re8+ Kf3 54. Rf8+ Ke2 55. Re8+ Kf1 56. Rf8+ Ke1 57. Re8+ Re2 58.
Rh8 d2 0-1

[Event "C.to Regionale Sardegna"]
[Site "Cagliari ITA"]
[Date "2015.05.31"]
[Round "2"]
[White "Mameli, Gianluca"]
[Black "Murgia, Elio"]
[WhiteElo "1957"]
[BlackElo "1698"]
[Result "1-0"]
[PlyCount "135"]
[EventDate "2015.05.30"]

1. e4 g6 2. Nf3 Bg7 3. d4 d6 4. Bc4 Nf6 5. Qe2 O-O 6. O-O Bg4 7. h3 Bxf3 8.
Qxf3 Nbd7 9. Rd1 e5 10. c3 a6 11. Bg5 h6 12. Bh4 b5 13. Bb3 Qe8 14. Nd2 Kh7 15.
a4 Nh5 16. axb5 axb5 17. Rxa8 Qxa8 18. Be7 Re8 19. Bxf7 Rxe7 20. Bxg6+ Kh8 21.
Qxh5 exd4 22. cxd4 Qa4 23. b3 Qxd4 24. Qxb5 Be5 25. Qc4 Qb6 26. Nf3 d5 27. Rxd5
Qxg6 28. Rxd7 Rxd7 29. Nxe5 Rd1+ 30. Kh2 Qf6 31. Nf7+ Kg7 32. e5 Qxf2 33. Qg4+
Kxf7 34. e6+ Ke7 35. Qxd1 Qf4+ 36. g3 Qf2+ 37. Kh1 Kxe6 38. Qg4+ Ke7 39. Qe4+
Kd7 40. Qg2 Qe3 41. Qd5+ Kc8 42. Kh2 h5 43. h4 Qe2+ 44. Qg2 Qg4 45. Qa8+ Kd7
46. Qa4+ Qxa4 47. bxa4 c5 48. Kg2 Kc6 49. Kf2 Kb6 50. g4 hxg4 51. h5 c4 52. h6
c3 53. h7 c2 54. h8=Q c1=Q 55. Qb8+ Ka6 56. Qb5+ Ka7 57. a5 Qf4+ 58. Ke1 Qc1+
59. Ke2 Qc2+ 60. Ke3 Qc3+ 61. Kf4 Qf3+ 62. Kg5 g3 63. Qb6+ Ka8 64. Qd8+ Kb7 65.
Qd7+ Ka6 66. Qc7 Qd5+ 67. Kf4 g2 68. Qb6# 1-0

[Event "C.to Regionale Sardegna"]
[Site "Cagliari ITA"]
[Date "2015.05.31"]
[Round "2"]
[White "Nessi, Davide"]
[Black "Depau, Alessandro"]
[WhiteElo "1720"]
[BlackElo "1811"]
[Result "0-1"]
[PlyCount "90"]
[EventDate "2015.05.30"]

1. e4 e5 2. f4 d5 3. exd5 e4 4. d3 Nf6 5. dxe4 Nxe4 6. Nf3 Bc5 7. Qe2 Qxd5 8.
Be3 O-O 9. Bxc5 Nxc5 10. Nc3 Qd6 11. Qe5 Rd8 12. Rd1 Qxe5+ 13. Nxe5 Rxd1+ 14.
Kxd1 Be6 15. Bc4 Nba6 16. Kc1 Rd8 17. Rd1 Rxd1+ 18. Kxd1 c6 19. Bxe6 Nxe6 20.
g3 Nd4 21. Ne2 Nf5 22. Kd2 f6 23. Nf3 Kf7 24. Ned4 Nd6 25. b3 Nc7 26. Kd3 Nd5
27. a3 c5 28. Ne2 Ke6 29. c4 Ne7 30. g4 g6 31. Nc3 h6 32. Ne4 Nxe4 33. Kxe4 f5+
34. gxf5+ gxf5+ 35. Ke3 Nc6 36. Kd3 Kf6 37. Ke3 Na5 38. Nd2 Kg6 39. Kf2 Nc6 40.
Nf3 Kh5 41. Ke3 Kg4 42. Ne5+ Kh3 43. Nf3 Na5 44. Nd2 Kxh2 45. Kf2 Nc6 0-1

[Event "C.to Regionale Sardegna"]
[Site "Cagliari ITA"]
[Date "2015.05.31"]
[Round "2"]
[White "Olivieri, Guglielmo"]
[Black "Altea, Luca"]
[WhiteElo "1566"]
[BlackElo "1415"]
[Result "1-0"]
[PlyCount "45"]
[EventDate "2015.05.30"]

1. d4 Nf6 2. g3 Nc6 3. Bg2 e6 4. Nf3 b6 5. O-O Bb7 6. c4 Be7 7. Nc3 d5 8. cxd5
exd5 9. a3 h6 10. Re1 Qd7 11. Bf4 g5 12. Be5 O-O-O 13. Nb5 Nxe5 14. Nxa7+ Kb8
15. Nxe5 Qe8 16. Nb5 Qxb5 17. Nxf7 Qxb2 18. Nxh8 Rxh8 19. a4 Rf8 20. f3 Re8 21.
Rb1 Qa2 22. h3 Qc4 23. Rc1 1-0

[Event "C.to Regionale Sardegna"]
[Site "Cagliari ITA"]
[Date "2015.05.31"]
[Round "2"]
[White "Pannella, Maria Cristina"]
[Black "Neri, Enzo"]
[WhiteElo "1431"]
[BlackElo "2036"]
[Result "0-1"]
[PlyCount "62"]
[EventDate "2015.05.30"]

1. e4 c5 2. Nf3 a6 3. c3 Nf6 4. e5 Nd5 5. d4 cxd4 6. cxd4 e6 7. Bc4 Nb6 8. Bb3
d5 9. Bf4 Nc6 10. O-O Bd7 11. Nc3 h6 12. Rc1 Be7 13. h3 Rc8 14. Qd2 Na5 15. Bh2
Nbc4 16. Qe2 Nxb3 17. axb3 Na5 18. Nd2 Qb6 19. Qe3 O-O 20. f4 Nc6 21. Ne2 Bb4
22. Rf3 Nxd4 23. Nxd4 Rxc1+ 24. Nf1 Re1 25. Qf2 Re4 26. Rd3 Bc5 27. Kh1 Rxd4
28. Qc2 Rxd3 29. Qxd3 Bb5 30. Qf3 Bxf1 31. Qxf1 Qxb3 0-1

[Event "C.to Regionale Sardegna"]
[Site "Cagliari ITA"]
[Date "2015.05.31"]
[Round "2"]
[White "Pitzanti, Matteo"]
[Black "Sonis, Luca"]
[WhiteElo "2066"]
[BlackElo "1746"]
[Result "1-0"]
[PlyCount "35"]
[EventDate "2015.05.30"]

1. e4 e5 2. Nf3 Nc6 3. Bc4 Bc5 4. b4 Bxb4 5. c3 Be7 6. d4 exd4 7. cxd4 d6 8.
Qb3 Bf6 9. Bxf7+ Kf8 10. Bxg8 Rxg8 11. Bb2 Qe7 12. e5 Qe8 13. O-O dxe5 14. Ba3+
Be7 15. dxe5 Bxa3 16. Nxa3 Qe7 17. Rac1 Rb8 18. Rxc6 1-0

[Event "C.to Regionale Sardegna"]
[Site "Cagliari ITA"]
[Date "2015.05.31"]
[Round "2"]
[White "Serra, Emanuele"]
[Black "Caddeo, Pierluigi"]
[WhiteElo "1815"]
[BlackElo "1546"]
[Result "1-0"]
[PlyCount "89"]
[EventDate "2015.05.30"]

1. c4 e6 2. Nc3 Nf6 3. g3 Be7 4. Bg2 O-O 5. e4 Nc6 6. d4 d6 7. Nge2 a6 8. O-O
e5 9. h3 Na7 10. a4 Rb8 11. Be3 c5 12. d5 Bd7 13. f4 Qc7 14. fxe5 dxe5 15. a5
b5 16. axb6 Rxb6 17. Bc1 Rfb8 18. g4 h6 19. Ng3 Nc8 20. Nf5 Bxf5 21. exf5 Nd6
22. Qe2 Nd7 23. Ne4 f6 24. Nxd6 Bxd6 25. Be4 Qa7 26. Rf3 Rb4 27. Rfa3 R8b6 28.
h4 Rb3 29. Kg2 Rxa3 30. Rxa3 a5 31. g5 Bf8 32. gxh6 gxh6 33. Qh5 Bg7 34. Rg3
Nf8 35. Qxh6 Rb7 36. d6 Nh7 37. Bd5+ Kh8 38. Kh3 Rb3 39. Rxb3 Bxh6 40. Rb7 Qa6
41. Bxh6 Ng5+ 42. hxg5 fxg5 43. Bg7+ Kh7 44. Bxe5+ Kh6 45. Rb8 1-0

[Event "C.to Regionale Sardegna"]
[Site "Cagliari ITA"]
[Date "2015.05.31"]
[Round "2"]
[White "Sollai, Matteo"]
[Black "Zuccarelli, Angelo"]
[WhiteElo "1750"]
[BlackElo "1888"]
[Result "1-0"]
[PlyCount "53"]
[EventDate "2015.05.30"]

1. e4 e5 2. d4 exd4 3. Qxd4 Nc6 4. Qe3 Qf6 5. Nc3 Bb4 6. Bd2 Ba5 7. O-O-O Bb6
8. Nd5 Bxe3 9. Nxf6+ Nxf6 10. Bxe3 Nxe4 11. Bc4 O-O 12. Ne2 Ne5 13. Bd5 Nf6 14.
Bb3 d6 15. f3 Re8 16. Nd4 a6 17. Bg5 c5 18. Bxf6 gxf6 19. f4 Ng4 20. Nf3 Ne3
21. Rhe1 Bg4 22. Rd3 Nxg2 23. Rg1 Bxf3 24. Rxf3 Re1+ 25. Rxe1 Nxe1 26. Re3 Ng2
27. Rg3+ 1-0